Formula 1: Closest Championship Losses - Statistics

General Stats
  • This quiz has been taken 1,678 times
  • The average score is 23 of 30
Answer Stats
Point margin Driver Country Season % Correct
1 Lewis Hamilton United Kingdom 2007
99%
5 Lewis Hamilton United Kingdom 2016
99%
0.5 Alain Prost France 1984
97%
2 Alain Prost France 1983
97%
3 Alain Prost France 1988
97%
1 Fernando Alonso Spain 2007
97%
3 Fernando Alonso Spain 2012
97%
4 Fernando Alonso Spain 2010
97%
2 Kimi Räikkönen Finland 2003
91%
1 Felipe Massa Brazil 2008
90%
1 Niki Lauda Austria 1976
90%
3 Juan Manuel Fangio Argentina 1950
87%
1 Damon Hill United Kingdom 1994
86%
1 Graham Hill United Kingdom 1964
86%
4 Gilles Villeneuve Canada 1979
80%
3 Nelson Piquet Brazil 1986
80%
2 Nigel Mansell United Kingdom 1986
78%
1 Stirling Moss United Kingdom 1958
70%
3 Stirling Moss United Kingdom 1956
70%
5 Jack Brabham Australia 1967
68%
4 Alan Jones Australia 1981
66%
2 Eddie Irvine United Kingdom 1999
65%
5 Jacky Ickx Belgium 1970
62%
1 Carlos Reutemann Argentina 1981
61%
1 Clay Regazzoni Switzerland 1974
59%
1 Wolfgang von Trips West Germany 1961
48%
5 Didier Pironi France 1982
41%
5 John Watson United Kingdom 1982
36%
4 Tony Brooks United Kingdom 1959
31%
5 Peter Collins United Kingdom 1956
28%
No matching quizzes found
Score Distribution
Percent of People with Each Score
Percentile by Number Answered
Your Score History
You have not taken this quiz